000 00544nam a2200181Ia 4500
999 _c35024
_d35024
003 OSt
005 20210101140611.0
008 190216s9999||||xx |||||||||||||| ||und||
020 _a9788126200696
040 _coclc
082 _a300
_bTHA/R
100 _aThapar, Romila
_9444
245 0 _aArya Dravida Vivadavum Mathanirapekshathayum /
_cRomila Thapar ; P Govinda Pillai
260 _bChintha Publishers,
_c2008.
_aTrivandrum:
300 _a104p
650 _aPolitics
942 _cBK
_2ddc
_h300
_iTHA/A
_k300
_mTHA/A